header

The blue line imperative (Record no. 39396)

MARC details
000 -LEADER
fixed length control field 01223nam a2200325Ia 4500
082 04 - DEWEY DECIMAL CLASSIFICATION NUMBER
Classification number 658.4/01
100 1# - MAIN ENTRY--AUTHOR NAME
Personal name Kaiser, Kevin.
245 14 - TITLE STATEMENT
Title The blue line imperative
260 ## - PUBLICATION, DISTRIBUTION, ETC. (IMPRINT)
Place of publication Chichester, West Sussex, United Kingdom :
Name of publisher John Wiley and Sons, Inc,
Year of publication [2013]
300 ## - PHYSICAL DESCRIPTION
Number of Pages xiii, 306 p.
500 ## - GENERAL NOTE
General note Includes index.
650 #0 - SUBJECT ADDED ENTRY--TOPICAL TERM
Topical Term Management.
Topical Term Value.
Topical Term Strategic planning.
856 40 - ELECTRONIC LOCATION AND ACCESS
Uniform Resource Identifier http://site.ebrary.com/lib/rucke/Doc?id=10722523

No items available.

© 2026 Rongo University
Contact us: librarian | system librarian | Rongo university